Discutiendo lógicas: temas claves tergiversados /

Guardado en:
Autor Principal: Kliksberg, Bernardo
Formato: Libro
Publicado: Buenos Aires : La Página, 2014
Series:Bernardo Kliksberg ; 3
Materias:
Etiquetas: Agregar Etiqueta
Sin Etiquetas, Sea el primero en etiquetar este registro!
LEADER 00876nam a22002655a 4500
001 CEM.cems014384
005 20140505172004.0
008 130507s2014##################000#0#####d
003 CEMS
020 |a 9789875036444 
082 0 4 |a 330 
100 1 |a Kliksberg, Bernardo 
245 1 0 |a Discutiendo lógicas: temas claves tergiversados /  |c Bernardo Kliksberg 
260 |a Buenos Aires :  |b La Página,  |c 2014 
300 |a 162 p. 
490 0 |a Bernardo Kliksberg ; 3 
505 0 |a Desigualdad. La cuestion fundamental -- Discriminación de género --Familias en riesgo -- Inseguridad ciudadana -- La agenda medio ambiental 
653 |a Economía 
653 |a Economía política 
653 |a Marginalidad 
653 |a Medio ambiente 
653 |a Desigualdad 
653 |a Discriminación 
653 |a Familia 
859 |a CEMS  |b BIB. CEMS - 11 de abril  |h 330  |i K682-2  |p 26956.14  |t Ej.1